000 00829nam a2200253 a 4500
001 BRL_1227
005 20190320211108.0
008 021213s19uu----mx-a######---#000-0#eng-#
041 _aeng
044 _amx
050 4 _aND255
_b.T47 1900
245 1 0 _aThree Mexican Painters
_bOrozco, Rivera, Siqueiros : 18 reproductions in color of famous murals
260 _aMéxico, D.F.
_bFischgrund Publishing Co.
_c[19--]
300 _a1 portafolio
_bil., 18 láminas.
_c22 cm.
500 _aAu1424
500 _aIntroducción firmada: Justino Fernández
600 1 4 _aOrozco, José Clemente
_d1883-1949
_99279
600 1 4 _aRivera, Diego
_d1886-1957
_91330
600 1 4 _aAlfaro Siqueiros, David
_d1896-1974
_926184
650 1 4 _aPintores mexicanos
_94220
700 1 _aFernández, Justino
_9906
902 _aGRL
942 _2lcc
_cB
999 _c10039
_d10039